000 01248nam a2200229Ia 4500
003 OSt
005 20210812145614.0
008 210310t1995 eu fr 000 0 eng d
040 _aCO-JMCR
_cCO-JMCR
041 0 _aeng
082 0 4 _a332.632 /
_bK889s1
_223
110 2 _aKPMG Peat Marwick
_938672
245 1 0 _aSelling securities in the United States /
_cKPMG Peat Marwick ; edited by David Grasso ; proofread by Doug Kelly
260 _aEstados Unidos :
_bKPMG,
_c©1995
300 _ax, 207 páginas ;
_c28 cm.
505 0 _aOverview of the Registration Process Growing Interest in the U.S. Capital Market -- Develop the Strategy for the Offering -- Identify, Select and Engage Professional Support -- Prepare a Draft Registration Statement -- SEC Review, Comment Letters and Exchanges -- Due Diligence and Comfort Letters -- Waiting Period, Final Filing, Effectiveness and Closing -- Periodic Reporting Requirements -- Financial Statement and Audit Requirements -- Significant Differences in Accounting Principles
650 1 4 _aMercado de capitales
_zEstados Unidos
_939330
650 2 4 _aAuditorias fiscales
_zEstados Unidos
_939331
700 1 _aGrasso, David,
_eeditor
_939332
700 1 _aKelly, Doug,
_erevisor
_939333
942 _2ddc
_cBK
999 _c8317
_d8317